| 000 | 00908nam a22002657a 4500 | ||
|---|---|---|---|
| 999 |
_c5449 _d5449 |
||
| 003 | AR-CdUCM | ||
| 008 | 190312b ||||| |||| 00| 0 spa d | ||
| 020 | _a84-399-5-702-5 | ||
| 040 |
_aMUNICIPALIDAD PROVINCIAL DEL CUSCO _cBIBLIOTECA MUNICIPAL DEL CUSCO |
||
| 041 | _heng | ||
| 082 |
_a305.4 / _bST79 |
||
| 100 |
_aStekel, Wilhelm _95610 |
||
| 245 | _aLa Frigidez en la Mujer / | ||
| 260 |
_aBarcelona : _bCorporacion editora Continental, _c1977. |
||
| 300 |
_a587 paginas ; _c20cm. |
||
| 500 | _aCorporacion Editora Continental | ||
| 505 | _aContenido: Principios generales -- Flechazo -- Condiciones individuales del amor -- Traumatismo sexual -- La psicologia de la mujer frigida -- complementos... | ||
| 650 |
_aLiteratura _983 |
||
| 650 |
_aFrididez _916400 |
||
| 650 |
_aMujer _9143 |
||
| 650 |
_aHistoria _9136 |
||
| 700 |
_aSaunier, Maurice _95615 |
||
| 942 |
_2ddc _cLIBROS |
||
| 945 | _apjha | ||